Ready to Die Tracklist (Biggie) - Statistics

General Stats
  • This quiz has been taken 20 times
  • The average score is 11 of 19
Answer Stats
Hint Answer % Correct
10 Juicy
81%
18 Who Shot Ya?
81%
13 Big Poppa
75%
1 Intro
75%
17 Suicidal Thoughts
69%
12 Me and My Bitch
63%
3 Gimme the Loot
56%
4 Machine Gun Funk
56%
14 Respect
56%
5 Warning
56%
19 Just Playing (Dreams)
50%
6 Ready to Die
50%
9 (ft Method Man) The What
50%
11 Everyday Struggle
44%
8 Fuck Me (Interlude)
44%
7 One More Chance
44%
2 Things Done Changed
44%
15 Friend of Mine
38%
16 Unbelievable
31%
No matching quizzes found
Score Distribution
Percent of People with Each Score
Percentile by Number Answered
Your Score History
You have not taken this quiz